<?xml version="1.0" encoding="UTF-8"?><?xml-stylesheet type="text/xsl" href="static/style.xsl"?><OAI-PMH xmlns="http://www.openarchives.org/OAI/2.0/" xmlns:xsi="http://www.w3.org/2001/XMLSchema-instance" xsi:schemaLocation="http://www.openarchives.org/OAI/2.0/ http://www.openarchives.org/OAI/2.0/OAI-PMH.xsd"><responseDate>2026-04-17T06:32:44Z</responseDate><request verb="GetRecord" identifier="oai:www.recercat.cat:10459.1/469843" metadataPrefix="marc">https://recercat.cat/oai/request</request><GetRecord><record><header><identifier>oai:recercat.cat:10459.1/469843</identifier><datestamp>2026-03-30T18:29:57Z</datestamp><setSpec>com_2072_3622</setSpec><setSpec>col_2072_479130</setSpec></header><metadata><record xmlns="http://www.loc.gov/MARC21/slim" xmlns:dcterms="http://purl.org/dc/terms/" xmlns:xsi="http://www.w3.org/2001/XMLSchema-instance" xmlns:doc="http://www.lyncode.com/xoai" xsi:schemaLocation="http://www.loc.gov/MARC21/slim http://www.loc.gov/standards/marcxml/schema/MARC21slim.xsd">
   <leader>00925njm 22002777a 4500</leader>
   <datafield ind2=" " ind1=" " tag="042">
      <subfield code="a">dc</subfield>
   </datafield>
   <datafield ind2=" " ind1=" " tag="720">
      <subfield code="a">Flores i Alarcia, Òscar</subfield>
      <subfield code="e">author</subfield>
   </datafield>
   <datafield ind2=" " ind1=" " tag="720">
      <subfield code="a">Hernández Jover, Teresa</subfield>
      <subfield code="e">author</subfield>
   </datafield>
   <datafield ind2=" " ind1=" " tag="260">
      <subfield code="c">2023</subfield>
   </datafield>
   <datafield ind2=" " ind1=" " tag="520">
      <subfield code="a">La evolución vertiginosa de las tecnologías de la información y la comunicación ha transformado radicalmente la forma en que aprendemos, interactuamos y construimos nuestra identidad en la sociedad digital. Esta revolución tecnológica ha generado discusiones y debates sobre el papel de las pantallas en distintos ámbitos, pero especialmente en el de la educación y la salud de los más jóvenes.
En este monográfico exploramos este paisaje digital cambiante a través de seis perspectivas, cada una de ellas proporcionada por expertos con una comprensión profunda de los temas que abordan. Desde la construcción de la identidad digital entre los jóvenes hasta los retos y oportunidades de los dispositivos móviles en los centros educatives, pasando por la protección del menor en entornos digitales a la prevención y promoción de la salud ante el consumo de pantallas.</subfield>
   </datafield>
   <datafield ind1="8" ind2=" " tag="024">
      <subfield code="a">https://hdl.handle.net/10459.1/469843</subfield>
   </datafield>
   <datafield tag="653" ind2=" " ind1=" ">
      <subfield code="a">Educació</subfield>
   </datafield>
   <datafield ind2="0" ind1="0" tag="245">
      <subfield code="a">Connectats i conscients: pantalles, educació i salut</subfield>
   </datafield>
   <datafield ind2="0" ind1="0" tag="245">
      <subfield code="a">Conectados y conscientes:  pantallas, educación y salud</subfield>
   </datafield>
</record></metadata></record></GetRecord></OAI-PMH>